La diosa negra /
Un chico viaja a Perú en compañía de sus padres. En Machi Picchu se queda solo y, de manera misteriosa, es trasladado a una ciudad secreta de los incas. Sus habitantes siguen viviendo de acuerdo con las viejas costumbres y conservan aún su dignidad y parte de su esplendor.
Guardado en:
| Autor Principal: | |
|---|---|
| Otros Autores: | |
| Formato: | Libro |
| Idioma: | Undetermined |
| Publicado: |
Zaragoza :
Edelvives,
199?
|
| Series: | Ala delta ;
120 |
| Materias: | |
| Etiquetas: |
Agregar Etiqueta
Sin Etiquetas, Sea el primero en etiquetar este registro!
|
| LEADER | 00946nam a22002175a 4500 | ||
|---|---|---|---|
| 001 | CEM.cems020808 | ||
| 008 | 240221s1990####xx############000#0#und#d | ||
| 005 | 20240221120736.0 | ||
| 245 | 1 | 0 | |a La diosa negra / |c Mariano Vara ; ilustrado por Pilar Giménez Avilés. |
| 260 | |a Zaragoza : |b Edelvives, |c 199? | ||
| 300 | |a 136 p. | ||
| 490 | 1 | |a Ala delta ; |v 120 | |
| 500 | |a A partir de 11 años. | ||
| 520 | |a Un chico viaja a Perú en compañía de sus padres. En Machi Picchu se queda solo y, de manera misteriosa, es trasladado a una ciudad secreta de los incas. Sus habitantes siguen viviendo de acuerdo con las viejas costumbres y conservan aún su dignidad y parte de su esplendor. | ||
| 020 | |a 9788426319258 | ||
| 100 | 1 | |a Vara, Mariano. | |
| 700 | 1 | |a Giménez Avilés, Pilar; il. | |
| 653 | |a Literatura española | ||
| 653 | |a Literatura juvenil | ||
| 653 | |a Novela infantil | ||
| 859 | |a CEMS |b BIB. CEMS - Inicial y Primaria |h 863.4 |i V42 |k IP |p 1289 |t Ej.1 | ||
